Lanean...
Management accounting/
| Egile nagusia: | |
|---|---|
| Formatua: | Printed Book |
| Hizkuntza: | English |
| Argitaratua: |
New Delhi:
King Books,
1996
|
| LEADER | 00493nam a22001457a 4500 | ||
|---|---|---|---|
| 003 | OSt | ||
| 005 | 20200624134534.0 | ||
| 008 | 151118b xxu||||| |||| 00| 0 eng d | ||
| 082 | |a 658.1511 VER/M | ||
| 100 | |a Varma | ||
| 245 | |a Management accounting/ |c Varma and Agarwal | ||
| 260 | |a New Delhi: |b King Books, |c 1996 | ||
| 942 | |2 ddc |c BK | ||
| 999 | |c 323826 |d 323826 | ||
| 952 | |0 0 |1 0 |2 ddc |4 0 |6 658_151100000000000_VER_M |7 0 |9 370301 |a CSC |b CSC |c ST1 |d 2015-11-18 |i 8444 |l 0 |o 658.1511 VER/M |p CSC8444 |r 2015-11-18 |w 2015-11-18 |y BK | ||